| 000 | 00923nam a2200265 a 4500 | ||
|---|---|---|---|
| 001 | 000021429 | ||
| 005 | 20200930011326.0 | ||
| 008 | 100907s1997 sp r 000 0 spa d | ||
| 020 | _a8488066538 | ||
| 040 |
_aDO-SdBNP _bspa _cBNPHU |
||
| 041 | 1 | 7 |
_aspa _heng _2Código de idioma MARC |
| 082 |
_a618.2 _bM271n |
||
| 100 | 1 |
_aMandel, Bob, _944718 |
|
| 240 | 1 | 0 |
_aBirth and relationships. _lEspañol. |
| 245 | 1 | 0 |
_aNacimiento y relaciones : _bla conexión entre tu tipo de nacimiento y tu forma de relacionarte / _cBob Mandel y Sondra Ray. |
| 260 |
_aMadrid, (España) : _bNeoperson, _c1997. |
||
| 300 |
_a217, [2] p. ; _c21 cm. |
||
| 534 |
_pTítulo original en inglés: _tBirth and relationships. |
||
| 650 | 4 |
_aParto _xAspectos psicológicos _944719 |
|
| 650 | 4 |
_aObstetricia _920060 |
|
| 650 | 4 |
_aNiños prematuros _944720 |
|
| 650 | 4 |
_aNiños recien nacidos _944721 |
|
| 700 | 1 |
_aRay, Sondra, _944722 |
|
| 049 | _aBNGR | ||
| 999 |
_c20929 _d20929 |
||